Essays on communication / (Record no. 138647)
[ view plain ]
| 000 -LEADER | |
|---|---|
| fixed length control field | 00582nam a22001817a 4500 |
| 005 - DATE AND TIME OF LATEST TRANSACTION | |
| control field | 20170403164206.0 |
| 010 ## - LCCN (DPL NO) | |
| LC control number | ENG-117700 |
| 020 ## - INTERNATIONAL STANDARD BOOK NUMBER | |
| International Standard Book Number | 9789384782702 |
| Terms of availability | 950.00 |
| 035 ## - SYSTEM CONTROL NUMBER | |
| System control number | EN-101232 |
| 037 ## - SOURCE OF ACQUISITION | |
| Source of stock number/acquisition | DBAD/PUB |
| 082 ## - DEWEY DECIMAL CLASSIFICATION NUMBER | |
| Classification number | 302.2 |
| 100 ## - MAIN ENTRY--PERSONAL NAME | |
| Personal name | Patnaik, Bhatati Bala |
| 245 ## - TITLE STATEMENT | |
| Title | Essays on communication / |
| Statement of responsibility, etc | by Bhartati Bala Patnaik |
| 260 ## - PUBLICATION, DISTRIBUTION, ETC. (IMPRINT) | |
| Place of publication, distribution, etc | Delhi |
| Name of publisher, distributor, etc | Disha International Publishing House |
| Date of publication, distribution, etc | 2016 |
| 270 ## - ADDRESS | |
| Address | F-7, Gali no. 1, Panchsheel Garden Ext. Naveen Shahdra |
| City | Delhi |
| Postal code | 110032 |
| 300 v# - PHYSICAL DESCRIPTION | |
| Extent | viii,287p. |
| Dimensions | 23cm (Hb) |
| 942 ## - ADDED ENTRY ELEMENTS (KOHA) | |
| Source of classification or shelving scheme | Dewey Decimal Classification |
| Item type | English Books |
| Classification part | 302.2 |
| Call number suffix | PAT |
| Withdrawn status | Lost status | Not for loan | Collection code | Home library | Current library | Date acquired | Source of acquisition | Cost, normal purchase price | Full call number | Barcode | Copy number | Cost, replacement price | Koha item type |
|---|---|---|---|---|---|---|---|---|---|---|---|---|---|
| Not For Loan | Non-fiction | D.B.Act.Division | D.B.Act.Division | 31/03/2017 | DBAD/PUB | 950.00 | 302.2 PAT | EN-101232 | 1 | 950.00 | English Books |
